| 000 | 00605cam a2200145 4500500 | ||
|---|---|---|---|
| 005 | 20260111092414.0 | ||
| 041 | _afre | ||
| 042 | _adc | ||
| 100 | 1 | 0 |
_aGaveau, Fabien _eauthor |
| 245 | 0 | 0 | _aChristine Lutringer, Gouvernance de l’agriculture et mouvements paysans en Inde. Genève-Paris, Institut de hautes études internationales et du développement-Karthala, 2012, 250 p. |
| 260 | _c2013. | ||
| 500 | _a59 | ||
| 786 | 0 | _nÉtudes rurales | 191 | 1 | 2013-07-01 | p. 221b-227b | 0014-2182 | |
| 856 | 4 | 1 | _uhttps://shs.cairn.info/revue-etudes-rurales-2013-1-page-221b?lang=fr&redirect-ssocas=7080 |
| 999 |
_c1623519 _d1623519 |
||